[Event "Montevideo Nazzari Memorial"]
[Site "Montevideo"]
[Date "2019.03.22"]
[Round "6"]
[White "Toledo, Javier"]
[Black "Cucchi, Nicolas"]
[Result "1/2-1/2"]
[WhiteElo "1814"]
[BlackElo "1985"]
[PlyCount "20"]
[EventDate "2019.03.11"]
[EventType "swiss"]
[EventRounds "7"]
[EventCountry "URU"]
[SourceTitle "CBM 189 Extra"]
[Source "ChessBase"]
[SourceDate "2019.06.03"]
[SourceVersion "1"]
[SourceVersionDate "2019.06.03"]
[SourceQuality "1"]

1. d4 d5 2. Nf3 Nf6 3. e3 e6 4. Bd3 c5 5. 0-0 Nc6 6. b3 Be7 7. Bb2 0-0 8. a3 b6 9. Nbd2 Bb7 10. Ne5 Bd6 1/2-1/2

[Event "Montevideo Nazzari Memorial"]
[Site "Montevideo"]
[Date "2019.03.20"]
[Round "5"]
[White "Cucchi, Nicolas"]
[Black "Garcia Silveira, Luis"]
[Result "0-1"]
[WhiteElo "1985"]
[BlackElo "2044"]
[PlyCount "82"]
[EventDate "2019.03.11"]
[EventType "swiss"]
[EventRounds "7"]
[EventCountry "URU"]
[SourceTitle "CBM 189 Extra"]
[Source "ChessBase"]
[SourceDate "2019.06.03"]
[SourceVersion "1"]
[SourceVersionDate "2019.06.03"]
[SourceQuality "1"]

1. Nf3 c5 2. c4 b6 3. b3 Bb7 4. Bb2 Nf6 5. g3 e6 6. Bg2 Be7 7. 0-0 0-0 8. Nc3 d6 9. d4 cxd4 10. Nxd4 Bxg2 11. Kxg2 a6 12. e4 Qc7 13. Qe2 Nbd7 14. Nc2 Rfe8 15. Ne3 Bf8 16. Rfd1 Qb7 17. f3 Rab8 18. b4 b5 19. a3 Ne5 20. cxb5 axb5 21. a4 bxa4 22. Rxa4 d5 23. b5 Bc5 24. Nc2 Nc4 25. Rb1 Nb6 26. Raa1 Rbd8 27. e5 Nfd7 28. Ba3 Bxa3 29. Rxa3 Nc4 30. Ra4 Ndxe5 31. Nd4 Qb6 32. Rd1 Qc5 33. f4 Ng4 34. Rd3 e5 35. Qxg4 exd4 36. Nd1 Qxb5 37. Ra7 Ne5 38. fxe5 Qxd3 39. Nf2 Qe3 40. Qf5 Rf8 41. e6 fxe6 0-1

[Event "Montevideo Duchamp Cup 2nd"]
[Site "Montevideo"]
[Date "2018.02.03"]
[Round "3"]
[White "Malan, Lucia"]
[Black "Cucchi, Nicolas"]
[Result "1-0"]
[WhiteElo "1697"]
[BlackElo "2022"]
[PlyCount "121"]
[EventDate "2018.02.02"]
[EventType "swiss"]
[EventRounds "9"]
[EventCountry "URU"]
[SourceTitle "CBM 182 Extra"]
[Source "ChessBase"]
[SourceDate "2018.02.23"]
[SourceVersion "1"]
[SourceVersionDate "2018.02.23"]
[SourceQuality "1"]

1. e4 e5 2. Nf3 Nc6 3. Bb5 a6 4. Ba4 Nf6 5. 0-0 Be7 6. Re1 b5 7. Bb3 d6 8. c3 0-0 9. h3 Na5 10. Bc2 c5 11. d4 Nd7 12. Nbd2 exd4 13. cxd4 Nc6 14. Nf1 Nxd4 15. Nxd4 cxd4 16. Qxd4 Ne5 17. Bf4 Bf6 18. Qb4 Nc4 19. Rad1 a5 20. Qxb5 Ba6 21. Qc6 Nxb2 22. Rxd6 Qe7 23. Ne3 Rfc8 24. Qd5 Bc3 25. Rd7 Qe6 26. Rb1 Nc4 27. Bb3 Qf6 28. Bg5 Qe6 29. Nxc4 Qxd5 30. exd5 Bxc4 31. Bxc4 Rxc4 32. Rbb7 h6 33. Be3 Rac8 34. Rxf7 Be5 35. g3 Rc2 36. Rfe7 Bf6 37. Re6 Rxa2 38. d6 Ra1+ 39. Kg2 Rd1 40. Bb6 Rc3 41. Bxa5 Rcd3 42. Bb4 Rb1 43. Re8+ Kh7 44. Reb8 Be5 45. Bc5 Rbd1 46. Rd8 Rd5 47. Bb4 R5d4 48. Bc3 Rd5 49. Bxe5 Rxe5 50. Rdd7 Rg5 51. h4 Rg6 52. h5 Rg5 53. f4 Rd2+ 54. Kh3 Rxh5+ 55. Kg4 Ra5 56. Rxg7+ Kh8 57. Rge7 Ra8 58. d7 Rg8+ 59. Kf5 Rxg3 60. Rb8+ Rg8 61. Rxg8+ 1-0

[Event "Montevideo Trebejos op 11"]
[Site "Montevideo"]
[Date "2015.11.16"]
[Round "6"]
[White "Cucchi, Nicolas"]
[Black "Fernandez Cuneo, Carlos"]
[Result "1-0"]
[WhiteElo "2015"]
[BlackElo "1812"]
[PlyCount "85"]
[EventDate "2015.11.04"]
[EventType "swiss"]
[EventRounds "7"]
[EventCountry "URU"]
[SourceTitle "CBM 170 Extra"]
[Source "ChessBase"]
[SourceDate "2016.02.25"]
[SourceVersion "1"]
[SourceVersionDate "2016.02.25"]
[SourceQuality "1"]

1. d4 Nf6 2. c4 e6 3. Nf3 d5 4. Nc3 c5 5. cxd5 exd5 6. g3 cxd4 7. Nxd4 Nc6 8. Bg2 Be7 9. 0-0 0-0 10. Be3 Re8 11. Nb3 Be6 12. Nc5 Bxc5 13. Bxc5 a6 14. Rc1 b6 15. Be3 Rc8 16. Bg5 h6 17. Bxf6 Qxf6 18. Nxd5 Bxd5 19. Qxd5 Nd4 20. Bf3 Rcd8 21. Qb7 Rxe2 22. Bd5 Rxb2 23. Rc8 Rxc8 24. Qxc8+ Kh7 25. Qxa6 Nf3+ 26. Kg2 Ng5 27. h4 Nh3 28. Qd3+ g6 29. Kxh3 Rxf2 30. Rxf2 Qxf2 31. Qf3 Qxf3 32. Bxf3 Kg7 33. Kg4 f5+ 34. Kf4 Kf6 35. Ke3 Ke5 36. Bc6 g5 37. Bb5 f4+ 38. gxf4+ gxf4+ 39. Kf3 Kf5 40. Bd3+ Ke5 41. Bc2 b5 42. Bd3 b4 43. Bc2 1-0

[Event "URU-ch sf"]
[Site "Montevideo"]
[Date "2014.03.04"]
[Round "8"]
[White "Kimelman, Gabriel"]
[Black "Cucchi, Nicolas"]
[Result "1-0"]
[WhiteElo "1933"]
[BlackElo "1998"]
[PlyCount "71"]
[EventDate "2014.02.28"]
[EventType "swiss"]
[EventRounds "9"]
[EventCountry "URU"]
[SourceTitle "CBM 159 Extra"]
[Source "ChessBase"]
[SourceDate "2014.04.24"]
[SourceVersion "1"]
[SourceVersionDate "2014.04.24"]
[SourceQuality "1"]

1. e4 c5 2. Nc3 Nc6 3. g3 g6 4. Bg2 Bg7 5. d3 d6 6. f4 e6 7. Nf3 Nge7 8. 0-0 0-0 9. Be3 Nd4 10. e5 Nef5 11. Bf2 Nxf3+ 12. Qxf3 Nd4 13. Qd1 dxe5 14. fxe5 Bxe5 15. Ne4 f5 16. Nxc5 Qd6 17. b4 Nc6 18. Rb1 Bd4 19. Qf3 Rb8 20. a3 Bxf2+ 21. Qxf2 b6 22. Nb3 Bb7 23. d4 Ne7 24. c4 Bxg2 25. Qxg2 e5 26. Rbd1 exd4 27. Rxd4 Qe6 28. Qd2 Rbc8 29. Re1 Qf7 30. Rd7 Rfe8 31. Qd6 Rc6 32. Rdxe7 Rxd6 33. Rxe8+ Kg7 34. R8e7 Qxe7 35. Rxe7+ Kf6 36. Re3 1-0

[Event "URU-ch sf"]
[Site "Montevideo"]
[Date "2014.03.03"]
[Round "6"]
[White "De San Vicente, Sabrina"]
[Black "Cucchi, Nicolas"]
[Result "0-1"]
[WhiteElo "1692"]
[BlackElo "1998"]
[PlyCount "62"]
[EventDate "2014.02.28"]
[EventType "swiss"]
[EventRounds "9"]
[EventCountry "URU"]
[SourceTitle "CBM 159 Extra"]
[Source "ChessBase"]
[SourceDate "2014.04.24"]
[SourceVersion "1"]
[SourceVersionDate "2014.04.24"]
[SourceQuality "1"]

1. d4 Nf6 2. c4 g6 3. Nc3 Bg7 4. e4 0-0 5. f3 d6 6. Be3 e5 7. d5 c6 8. Bd3 cxd5 9. cxd5 a6 10. Nge2 Nbd7 11. b4 Nh5 12. 0-0 Nf4 13. Bc2 f5 14. Nxf4 exf4 15. Bd4 Ne5 16. exf5 Bxf5 17. Bxf5 Rxf5 18. Ne4 Rc8 19. Kh1 Rc4 20. a3 Rh5 21. Rc1 Rxd4 22. Qb3 Qh4 23. h3 Qd8 24. Rc2 b5 25. Rfc1 Rc4 26. a4 Rxc2 27. Rxc2 Nc4 28. axb5 axb5 29. Ra2 Qc8 30. Qc2 Rf5 31. Nxd6 Nxd6 0-1

[Event "Latin Cup"]
[Site "Montevideo"]
[Date "2011.11.05"]
[Round "7"]
[White "Rodriguez Vargas, Sergio"]
[Black "Cucchi, Nicolas"]
[Result "0-1"]
[WhiteElo "2009"]
[BlackElo "2002"]
[PlyCount "144"]
[EventDate "2011.11.01"]
[EventType "swiss"]
[EventRounds "9"]
[EventCountry "URU"]
[SourceTitle "EXT 2012"]
[Source "ChessBase"]
[SourceDate "2011.11.24"]
[SourceVersion "1"]
[SourceVersionDate "2011.11.24"]
[SourceQuality "1"]

1. e4 c5 2. Nc3 Nc6 3. g3 g6 4. Bg2 Bg7 5. Nge2 e5 6. d3 Nge7 7. 0-0 0-0 8. Be3 d6 9. h3 Be6 10. f4 Nd4 11. g4 f5 12. gxf5 gxf5 13. fxe5 dxe5 14. Bg5 f4 15. Nxd4 Qxd4+ 16. Kh2 Qd7 17. Nd5 Nxd5 18. exd5 Bxd5 19. Be4 Qc6 20. Qf3 Bxe4 21. dxe4 Rf7 22. Rad1 Rd7 23. Rxd7 Qxd7 24. Rd1 Qe6 25. Rd5 b6 26. Qb3 Qf7 27. Qf3 Kh8 28. Qg4 Rg8 29. Rd8 Rxd8 30. Bxd8 Qg6 31. Qf3 Qd6 32. Qd3 Bf8 33. Bh4 Qxd3 34. cxd3 Kg7 35. a4 Kf7 36. Bd8 Bd6 37. a5 bxa5 38. Bxa5 Ke6 39. Kg2 Kd7 40. Kf3 h5 41. Bc3 Kc6 42. Ke2 Kb5 43. b3 Bc7 44. Kf3 a5 45. Ke2 a4 46. bxa4+ Kxa4 47. Be1 Kb3 48. Kd1 Bd6 49. Bf2 Kc3 50. Ke2 Be7 51. Be1+ Kc2 52. Bf2 Bf8 53. Bg1 Kc3 54. Bf2 Be7 55. Bg1 Kb4 56. Bf2 Bd8 57. Bg1 Kb3 58. Bf2 Ba5 59. Bh4 Bc7 60. Be1 Ka4 61. Bf2 Bd6 62. Kd2 Kb3 63. Bg1 f3 64. Be3 c4 65. dxc4 Kxc4 66. Bf2 Bb4+ 67. Ke3 Bc5+ 68. Kxf3 Bxf2 69. Kxf2 Kd3 70. Kf3 Kd4 71. Kg3 Kxe4 72. Kh4 Kf5 0-1

[Event "Latin Cup"]
[Site "Montevideo"]
[Date "2011.11.04"]
[Round "5"]
[White "Cucchi, Nicolas"]
[Black "Lopes da Luz, Paulo"]
[Result "1-0"]
[WhiteElo "2002"]
[BlackElo "1798"]
[PlyCount "57"]
[EventDate "2011.11.01"]
[EventType "swiss"]
[EventRounds "9"]
[EventCountry "URU"]
[SourceTitle "EXT 2012"]
[Source "ChessBase"]
[SourceDate "2011.11.24"]
[SourceVersion "1"]
[SourceVersionDate "2011.11.24"]
[SourceQuality "1"]

1. d4 d5 2. c4 e6 3. Nc3 Nf6 4. cxd5 exd5 5. Bg5 Be7 6. e3 0-0 7. Qc2 Be6 8. Bd3 h6 9. Bh4 Nbd7 10. Nf3 c5 11. 0-0 c4 12. Bf5 a6 13. Bxe6 fxe6 14. e4 Rf7 15. Rad1 Rc8 16. Ne5 Nxe5 17. dxe5 Ng4 18. exd5 exd5 19. Rxd5 Qf8 20. Bxe7 Qxe7 21. Qe2 h5 22. h3 Nh6 23. Qxh5 Rf5 24. Qe2 Rc6 25. Re1 b5 26. e6 b4 27. Rxf5 Nxf5 28. Nd5 Qd6 29. e7 1-0

[Event "Latin Cup"]
[Site "Montevideo"]
[Date "2011.11.03"]
[Round "4"]
[White "De la Torre, Andres"]
[Black "Cucchi, Nicolas"]
[Result "1-0"]
[WhiteElo "2047"]
[BlackElo "2002"]
[PlyCount "127"]
[EventDate "2011.11.01"]
[EventType "swiss"]
[EventRounds "9"]
[EventCountry "URU"]
[SourceTitle "EXT 2012"]
[Source "ChessBase"]
[SourceDate "2011.11.24"]
[SourceVersion "1"]
[SourceVersionDate "2011.11.24"]
[SourceQuality "1"]

1. Nf3 Nf6 2. g3 g6 3. Bg2 Bg7 4. 0-0 0-0 5. d3 d5 6. Nbd2 c5 7. e4 Nc6 8. exd5 Nxd5 9. Re1 e5 10. Nc4 Re8 11. c3 Nb6 12. Qb3 Be6 13. Rd1 Qc7 14. Qb5 Nxc4 15. dxc4 Rad8 16. Be3 b6 17. Ng5 Nb8 18. Nxe6 Rxe6 19. Rxd8+ Qxd8 20. Qa4 Qd7 21. Qxd7 Nxd7 22. Rd1 Nf8 23. Rd8 Re7 24. Bd5 Rd7 25. Re8 Bf6 26. Bh6 Rd8 27. Rxd8 Bxd8 28. Kg2 Ne6 29. Kf3 Bg5 30. Bxg5 Nxg5+ 31. Ke3 Kg7 32. h4 Ne6 33. Bxe6 fxe6 34. Ke4 Kf6 35. g4 h6 36. b4 a6 37. a4 a5 38. b5 g5 39. h5 Kf7 40. Kxe5 Ke7 41. f3 Kd7 42. Kf6 Kd6 43. Kg6 Ke5 44. Kg7 Kf4 45. Kxh6 e5 46. Kg6 Kxf3 47. h6 e4 48. h7 e3 49. h8Q e2 50. Qf8+ Kg2 51. Qe7 Kf1 52. Qf6+ Kg2 53. Qe5 Kf1 54. Kxg5 e1Q 55. Qxe1+ Kxe1 56. Kf6 Kd2 57. g5 Kxc3 58. g6 Kxc4 59. g7 Kb4 60. g8Q c4 61. Ke5 Kb3 62. Kd4 Kb2 63. Qxc4 Ka3 64. Kd3 1-0

[Event "URU-ch sf"]
[Site "Montevideo"]
[Date "2010.03.29"]
[Round "7"]
[White "Cucchi, Nicolas"]
[Black "Garcia, Alvaro"]
[Result "1-0"]
[WhiteElo "1958"]
[BlackElo "2089"]
[PlyCount "93"]
[EventDate "2010.03.26"]
[EventType "swiss"]
[EventRounds "9"]
[EventCountry "URU"]
[SourceTitle "EXT 2013"]
[Source "ChessBase"]
[SourceDate "2012.11.22"]
[SourceVersion "1"]
[SourceVersionDate "2012.11.22"]
[SourceQuality "1"]

1. d4 d5 2. c4 dxc4 3. e4 Nf6 4. e5 Nd5 5. Bxc4 e6 6. Nc3 Nb6 7. Bb3 Nc6 8. Nge2 Na5 9. Bc2 c5 10. Be3 Nac4 11. b3 Nxe3 12. fxe3 cxd4 13. Qxd4 Qxd4 14. exd4 Bd7 15. Be4 Bc6 16. 0-0 Rc8 17. Bxc6+ Rxc6 18. Rf3 Be7 19. Rc1 0-0 20. Ne4 Rxc1+ 21. Nxc1 Nd5 22. Nc3 Rc8 23. N1e2 Nxc3 24. Rxc3 Rxc3 25. Nxc3 Bb4 26. Ne4 Kf8 27. Kf2 Ke7 28. Ke3 h6 29. Kd3 Kd7 30. Kc4 Be7 31. b4 Kc6 32. a4 a6 33. b5+ Kb6 34. Nd6 Bf8 35. Nxf7 axb5+ 36. axb5 Kc7 37. d5 exd5+ 38. Kxd5 Kb6 39. Nd6 Kc7 40. Ke6 g5 41. g4 b6 42. h3 Kd8 43. Kf6 Kd7 44. Nf5 Bb4 45. e6+ Ke8 46. e7 Ba3 47. Ke6 1-0

[Event "Pan American-ch U20"]
[Site "Montevideo"]
[Date "2009.10.09"]
[Round "5"]
[White "Ibanez Iglesias, Rodrigo"]
[Black "Cucchi, Nicolas"]
[Result "1/2-1/2"]
[WhiteElo "1934"]
[BlackElo "1963"]
[PlyCount "35"]
[EventDate "2009.10.06"]
[EventType "swiss"]
[EventRounds "9"]
[EventCountry "URU"]
[SourceTitle "CBM 132 Extra"]
[Source "ChessBase"]
[SourceDate "2009.11.03"]
[SourceVersion "1"]
[SourceVersionDate "2009.11.03"]
[SourceQuality "1"]

1. e4 c5 2. Nf3 d6 3. d4 cxd4 4. Nxd4 Nf6 5. Nc3 a6 6. Be2 e5 7. Nb3 Be7 8. 0-0 Rg8 9. f4 exf4 10. Bxf4 Nc6 11. Bf3 Be6 12. Nd5 Bxd5 13. exd5 Ne5 14. Re1 Nfd7 15. c3 Bf6 16. Kh1 Qc7 17. Nd4 g6 18. Qc2 1/2-1/2

[Event "Pan American-ch U20"]
[Site "Montevideo"]
[Date "2009.10.06"]
[Round "1"]
[White "Cucchi, Nicolas"]
[Black "Diaz Ordonez, Ciro"]
[Result "0-1"]
[WhiteElo "1963"]
[BlackElo "2323"]
[PlyCount "28"]
[EventDate "2009.10.06"]
[EventType "swiss"]
[EventRounds "9"]
[EventCountry "URU"]
[SourceTitle "CBM 132 Extra"]
[Source "ChessBase"]
[SourceDate "2009.11.03"]
[SourceVersion "1"]
[SourceVersionDate "2009.11.03"]
[SourceQuality "1"]

1. e4 c5 2. Nf3 d6 3. d4 cxd4 4. Nxd4 Nf6 5. Nc3 a6 6. Bg5 e6 7. f4 Qc7 8. Qf3 Nbd7 9. 0-0-0 b5 10. Qh3 b4 11. Nxe6 fxe6 12. Qxe6+ Be7 13. Nd5 Nxd5 14. Rxd5 Nf6 0-1

[Event "Olivera Memorial op"]
[Site "Montevideo"]
[Date "2008.09.23"]
[Round "6"]
[White "Cucchi, Nicolas"]
[Black "Coppola, Claudio"]
[Result "0-1"]
[WhiteElo "1860"]
[BlackElo "2035"]
[PlyCount "58"]
[EventDate "2008.09.02"]
[EventType "swiss"]
[EventRounds "7"]
[EventCountry "URU"]
[SourceTitle "EXT 2010"]
[Source "ChessBase"]
[SourceDate "2010.11.25"]
[SourceVersion "1"]
[SourceVersionDate "2010.11.25"]
[SourceQuality "1"]

1. d4 d5 2. Nf3 Nc6 3. Bf4 Bf5 4. c4 Nf6 5. Nc3 e6 6. e3 Bb4 7. Be2 Ne4 8. Rc1 Nxc3 9. bxc3 Ba3 10. 0-0 Bxc1 11. Qxc1 0-0 12. Qb2 b6 13. Qb5 Ne7 14. Ne5 Qe8 15. c5 f6 16. Qxe8 Rfxe8 17. Nf3 bxc5 18. dxc5 e5 19. Bg3 Rab8 20. c4 Rb2 21. Re1 c6 22. Bf1 Rxa2 23. cxd5 cxd5 24. e4 Bxe4 25. Rxe4 dxe4 26. Bc4+ Kf8 27. Bxa2 exf3 28. Be6 Nc6 29. Bc4 Nd4 0-1

[Event "URU-ch prel-B"]
[Site "Montevideo"]
[Date "2008.04.14"]
[Round "4"]
[White "Cucchi, Nicolas"]
[Black "Milans, Carlos"]
[Result "1/2-1/2"]
[WhiteElo "1859"]
[BlackElo "1891"]
[PlyCount "51"]
[EventDate "2008.04.07"]
[EventType "swiss"]
[EventRounds "9"]
[EventCountry "URU"]
[SourceTitle "EXT 2022"]
[Source "ChessBase"]
[SourceDate "2021.10.06"]
[SourceVersion "1"]
[SourceVersionDate "2021.10.06"]
[SourceQuality "1"]

1. d4 Nf6 2. Nf3 b6 3. c4 e6 4. a3 Be7 5. Nc3 Bb7 6. d5 d6 7. e4 e5 8. Be2 0-0 9. 0-0 Nbd7 10. b4 Re8 11. Ne1 Bf8 12. Be3 a5 13. Nd3 Ba6 14. Qb3 Qe7 15. f3 Reb8 16. bxa5 bxa5 17. Qa4 Nb6 18. Bxb6 Rxb6 19. Rfd1 Qd7 20. Qxd7 Nxd7 21. Nb5 Rab8 22. a4 c6 23. dxc6 Rxc6 24. Rdc1 g6 25. Bf1 Bh6 26. Rc2 1/2-1/2